Hand book of civil defence / (Record no. 67794)

MARC details
000 -LEADER
fixed length control field 00568nam a22001937a 4500
005 - DATE AND TIME OF LATEST TRANSACTION
control field 20190208162351.0
010 ## - LCCN (DPL NO)
LC control number B-226912 ,B-226936
020 ## - INTERNATIONAL STANDARD BOOK NUMBER
International Standard Book Number 8188322792
Terms of availability 250.00
035 ## - SYSTEM CONTROL NUMBER
System control number B-226917, B-226912 , B-226936,B-226932
037 ## - SOURCE OF ACQUISITION
Stock number DPL
Source of stock number/acquisition ENG
082 ## - DEWEY DECIMAL CLASSIFICATION NUMBER
Classification number 363.35
Item number SHR
100 ## - MAIN ENTRY--PERSONAL NAME
Personal name Sarma, M.V.S.S.
245 ## - TITLE STATEMENT
Title Hand book of civil defence /
Statement of responsibility, etc by M.V.S.S. Sarma
260 ## - PUBLICATION, DISTRIBUTION, ETC. (IMPRINT)
Place of publication, distribution, etc New Delhi
Name of publisher, distributor, etc Ocean books
Date of publication, distribution, etc 2005
270 ## - ADDRESS
Address 4/19 Asaf ali road
300 ## - PHYSICAL DESCRIPTION
Extent 199p.
Dimensions 18 cms.
942 ## - ADDED ENTRY ELEMENTS (KOHA)
Source of classification or shelving scheme Dewey Decimal Classification
Item type English Books
Classification part 363.35
Call number suffix SAR
Holdings
Withdrawn status Lost status Not for loan Collection code Home library Current library Date acquired Cost, normal purchase price Full call number Barcode Cost, replacement price Koha item type Source of acquisition Copy number
      Non-fiction Central Library Central Library 08/09/2018 250.00 363.35 SAR B-226907 250.00 English Books    
      Non-fiction Patel Nagar Patel Nagar 25/07/2018 250.00 363.35 SAR B-226912 250.00 English Books BPPD/Pub  
      Non-fiction Patel Nagar Patel Nagar 08/02/2019 250.00 363.35 SAR B-226932 250.00 English Books BPPD/PUB 1
      Non-fiction R.C.Libraries (zls) R.C.Libraries (zls) 06/11/2018 250.00 363.35 SAR B-226936 250.00 English Books   1
      Non-fiction Sarojini Nagar Sarojini Nagar 11/06/2012 250.00 363.35 SAR B-226917 250.00 English Books    
      Non-fiction Sarojini Nagar Sarojini Nagar 13/06/2012 250.00 363.35 SAR B-226935 250.00 English Books    
      Non-fiction Sarojini Nagar Sarojini Nagar 12/02/2019   363.35 SAR B-226934   English Books    

© Delhi Public Library
Hit Counter
free hit counter